Unit operations of chemical engineering (Record no. 3799)

000 -LEADER
fixed length control field 00652nam a2200241 a 4500
001 - CONTROL NUMBER
control field 3799
003 - CONTROL NUMBER IDENTIFIER
control field BD-DhUET
008 - FIXED-LENGTH DATA ELEMENTS--GENERAL INFORMATION
fixed length control field 850523s1985 nyua b 001 0 eng
020 ## - INTERNATIONAL STANDARD BOOK NUMBER
International Standard Book Number 0070448280
040 ## - CATALOGING SOURCE
Modifying agency BD-DhUET
Transcribing agency 0
082 0# - DEWEY DECIMAL CLASSIFICATION NUMBER
Classification number 660.2842
Item number MCC/1985
100 1# - MAIN ENTRY--PERSONAL NAME
Personal name McCabe, Warren L.
245 10 - TITLE STATEMENT
Title Unit operations of chemical engineering
250 ## - EDITION STATEMENT
Edition statement 4th ed.
260 ## - PUBLICATION, DISTRIBUTION, ETC. (IMPRINT)
Place of publication, distribution, etc. New York
Name of publisher, distributor, etc. McGraw-Hill
Date of publication, distribution, etc. 1985
300 ## - PHYSICAL DESCRIPTION
Extent x, 960 p.
Other physical details ill.
Dimensions 25 cm.
490 1# - SERIES STATEMENT
Series statement McGraw-Hill chemical engineering series
504 ## - BIBLIOGRAPHY, ETC. NOTE
Bibliography, etc Includes bibliographies
650 #0 - SUBJECT ADDED ENTRY--TOPICAL TERM
Topical term or geographic name as entry element Chemical Processer
700 1# - ADDED ENTRY--PERSONAL NAME
Personal name Smith, Julian C.
700 1# - ADDED ENTRY--PERSONAL NAME
Personal name Harriott, Peter.
942 ## - ADDED ENTRY ELEMENTS (KOHA)
Koha item type General Book
Holdings
Koha item type Location (home branch) Source of classification or shelving scheme Koha normalized classification for sorting Lost status Date acquired Price effective from Koha date last seen Not for loan Sublocation or collection (holding branch) Koha issues (times borrowed) Piece designation (barcode) Withdrawn status Copy number Koha full call number Shelving location Koha date last borrowed Damaged status
General BookCentral Library, BUET 660_000000000000000_2842MCC198 2014-11-052014-11-052016-10-23 Central Library, BUET 72739 1660.2842/MCC/1985Circulation section  
General BookCentral Library, BUET 660_000000000000000_2842MCC198 2014-11-052014-11-052014-11-05 Central Library, BUET 77549 2660.2842/MCC/1985Circulation section  
General BookCentral Library, BUET 660_000000000000000_2842MCC198 2014-11-052014-11-052018-12-04 Central Library, BUET277550 3660.2842/MCC/1985Circulation section2018-11-14 
Reading ItemCentral Library, BUET 660_284200000000000_MCC_1985 2015-07-012015-07-012015-07-01 Central Library, BUET 68731 4660.2842/MCC/1985Reading section  
Rental ItemCentral Library, BUET 660_284200000000000_MCC_1985 1989-06-272024-11-252024-11-25 Central Library, BUET 73910 ৪/ক-১660.2842 MCC/1985Rental section  
Rental ItemCentral Library, BUET 660_284200000000000_MCC_1985 1989-06-272024-11-252024-11-25 Central Library, BUET 73911 ৪/ক-২660.2842 MCC/1985Rental section  
Rental ItemCentral Library, BUET 660_284200000000000_MCC_1985 1989-06-272024-11-252024-11-25 Central Library, BUET 73912 ৪/ক-৩660.2842 MCC/1985Rental section  
Rental ItemCentral Library, BUET 660_284200000000000_MCC_1985 1989-06-272024-11-252024-11-25 Central Library, BUET 73913 ৪/ক-৪660.2842 MCC/1985Rental section  
Rental ItemCentral Library, BUET 660_284200000000000_MCC_1985 1989-06-272024-11-252024-11-25 Central Library, BUET 73914 ৪/ক-৫660.2842 MCC/1985Rental section  
Rental ItemCentral Library, BUET 660_284200000000000_MCC_1985 1989-06-272024-11-252024-11-25 Central Library, BUET 73915 ৪/ক-৬660.2842 MCC/1985Rental section  
Rental ItemCentral Library, BUET 660_284200000000000_MCC_1985 1989-06-272024-11-252024-11-25 Central Library, BUET 73916 ৪/ক-৭660.2842 MCC/1985Rental section  
Rental ItemCentral Library, BUET 660_284200000000000_MCC_1985 1989-06-272024-11-252024-11-25 Central Library, BUET 73917 ৪/ক-৮660.2842 MCC/1985Rental section  
Rental ItemCentral Library, BUET 660_284200000000000_MCC_1985 1989-06-272024-11-252024-11-25 Central Library, BUET 73918 ৪/ক-৯660.2842 MCC/1985Rental section  
Rental ItemCentral Library, BUET 660_284200000000000_MCC_1985 1989-06-272024-11-252024-11-25 Central Library, BUET 73919 ৪/ক-১০660.2842 MCC/1985Rental section  
Rental ItemCentral Library, BUET 660_284200000000000_MCC_1985 1989-06-272024-11-252024-11-25 Central Library, BUET 73934 ৪/ক-২৫660.2842 MCC/1985Rental section  
Rental ItemCentral Library, BUET 660_284200000000000_MCC_1985 1989-06-272024-11-252024-11-25 Central Library, BUET 73935 ৪/ক-২৬660.2842 MCC/1985Rental section